[Event "Johor op 5th"]
[Site "Johor"]
[Date "2018.12.14"]
[Round "8"]
[White "Udani, Ian"]
[Black "Sun, Chao"]
[Result "1/2-1/2"]
[WhiteElo "2246"]
[BlackElo "2110"]
[PlyCount "88"]
[EventDate "2018.12.10"]
[EventType "swiss"]
[EventRounds "9"]
[EventCountry "MAS"]
[SourceTitle "CBM 187 Extra"]
[Source "ChessBase"]
[SourceDate "2018.11.04"]
[SourceVersion "1"]
[SourceVersionDate "2018.11.04"]
[SourceQuality "1"]

1. d4 Nf6 2. c4 e6 3. Nc3 d5 4. cxd5 exd5 5. Bg5 c6 6. e3 Be7 7. Bd3 0-0 8. Qc2 Nbd7 9. Nf3 Re8 10. 0-0 g6 11. Rab1 a5 12. a3 Nf8 13. b4 axb4 14. axb4 Ne6 15. Bh4 Ng7 16. b5 Bf5 17. Bxf5 Nxf5 18. Bxf6 Bxf6 19. bxc6 bxc6 20. Na4 Ra6 21. Nc5 Ra7 22. Nd3 Qc7 23. Rfc1 Rc8 24. Nb4 Ne7 25. Rb3 c5 26. dxc5 Qxc5 27. Qxc5 Rxc5 28. Rbb1 Rb5 29. Nc6 Rxb1 30. Nxe7+ Rxe7 31. Rxb1 Rd7 32. Rd1 Rd8 33. Kf1 h5 34. Nd4 Bxd4 35. Rxd4 f5 36. h4 Kf7 37. Ke2 Ke6 38. Ra4 Rd6 39. Kf3 Ke5 40. Ra5 Rc6 41. Ra8 Rd6 42. Rg8 Kf6 43. Rf8+ Ke5 44. Re8+ Kf6 1/2-1/2

[Event "Johor op 5th"]
[Site "Johor"]
[Date "2018.12.12"]
[Round "5"]
[White "Sun, Chao"]
[Black "Li, Guohao"]
[Result "1/2-1/2"]
[WhiteElo "2110"]
[BlackElo "1955"]
[PlyCount "52"]
[EventDate "2018.12.10"]
[EventType "swiss"]
[EventRounds "9"]
[EventCountry "MAS"]
[SourceTitle "CBM 187 Extra"]
[Source "ChessBase"]
[SourceDate "2018.11.04"]
[SourceVersion "1"]
[SourceVersionDate "2018.11.04"]
[SourceQuality "1"]

1. c4 c6 2. Nf3 d5 3. b3 Nf6 4. Bb2 Bf5 5. g3 e6 6. Bg2 h6 7. 0-0 Nbd7 8. d3 Be7 9. Nbd2 0-0 10. a3 a5 11. Ra2 Re8 12. Qa1 Bf8 13. Bc3 c5 14. Nh4 Bh7 15. e4 d4 16. Bb2 e5 17. a4 Nb8 18. Qd1 Nc6 19. Ba3 Qd7 20. Qf3 Qe6 21. h3 g6 22. Bc1 Bg7 23. Re1 Kh8 24. Nf1 Rg8 25. g4 Raf8 26. Ng3 Ne8 1/2-1/2

[Event "Penang op 10th"]
[Site "Penang"]
[Date "2018.12.05"]
[Round "4"]
[White "Sun, Chao"]
[Black "Guo, Weibao"]
[Result "1/2-1/2"]
[WhiteElo "2110"]
[BlackElo "1838"]
[PlyCount "60"]
[EventDate "2018.12.03"]
[EventType "swiss"]
[EventRounds "9"]
[EventCountry "MAS"]
[SourceTitle "CBM 187 Extra"]
[Source "ChessBase"]
[SourceDate "2018.11.04"]
[SourceVersion "1"]
[SourceVersionDate "2018.11.04"]
[SourceQuality "1"]

1. e4 e6 2. d4 d5 3. exd5 exd5 4. Nf3 Bd6 5. Bd3 Ne7 6. 0-0 0-0 7. h3 c6 8. Re1 Ng6 9. Ne5 Nd7 10. Nxg6 fxg6 11. Nd2 Nf6 12. Nf3 Bf5 13. Bxf5 gxf5 14. Bg5 h6 15. Bxf6 Qxf6 16. Ne5 Bxe5 17. Rxe5 f4 18. Qh5 Qf7 19. Qxf7+ Rxf7 20. Rae1 Raf8 21. Kf1 g6 22. f3 Rf5 23. h4 Rxe5 24. Rxe5 Rf5 25. Rxf5 gxf5 26. Kf2 Kf7 27. g4 fxg3+ 28. Kxg3 Ke6 29. Kf4 Kf6 30. c3 Ke6 1/2-1/2